Statistiques concernant Les mots de la langue française terminés par "tude"

Cliquez ici pour prendre le quiz!

Statistiques générales

  • Ce quiz a été pris 208 fois
  • Le résultat moyen est 12 sur 30

Statistiques - réponses

IndiceMot% Correct
hauteuraltitude
91%
comportementattitude
83%
coutumehabitude
76%
examenétude
68%
isolementsolitude
65%
capacitéaptitude
64%
fatiguelassitude
60%
assurancecertitude
48%
ponctualitéexactitude
46%
coordonnéelongitude
46%
ressemblancesimilitude
43%
esclavageservitude
43%
libertélatitude
43%
extasebéatitude
41%
intensitéamplitude
35%
reconnaissancegratitude
34%
maturitéplénitude
31%
tranquillitéquiétude
31%
déchéancedécrépitude
28%
peurinquiétude
25%
abondancemultitude
25%
bassesseturpitude
23%
banalitéplatitude
18%
prévenancesollicitude
17%
bienveillancemansuétude
17%
torpeurhébétude
14%
abandondésuétude
13%
rapiditépromptitude
13%
instabilitévicissitude
6%
oubliingratitude
4%

Distribution des résultats

Percentile par nombre de réponses

% des personnes avec chaque résultat

Votre développement - résultats

Vous n’avez pas pris ce quiz